| 000 | 00620nam a2200169 a 4500 | ||
|---|---|---|---|
| 005 | 20140412111248.0 | ||
| 008 | 030411s19uu xx 00 eng d | ||
| 020 | _a0-590-44973-7 | ||
| 050 |
_aM 612 _bG28 1992 |
||
| 100 | _aGelman, Rita Golden | ||
| 245 |
_aBody battles / _cby Rita Golden Gelman ; illustrated by Elroy Freem. |
||
| 260 |
_aNew York : _bScholastic Inc, _c1992. |
||
| 300 | _a1 v. (unp.) ; ill. | ||
| 520 | _aIntroduces children to the natural defensive weapons in their super-sensational, what-a-creational, brilliant, and fabulous bodies. | ||
| 650 | _aBodies--Study and teaching | ||
| 999 |
_c103015 _d103015 |
||